The pocket William Law (Record no. 5894)
[ view plain ]
| 000 -LEADER | |
|---|---|
| fixed length control field | 01013nam a22001937a 4500 |
| 003 - CONTROL NUMBER IDENTIFIER | |
| control field | GBCCL |
| 005 - DATE AND TIME OF LATEST TRANSACTION | |
| control field | 20241126110552.0 |
| 008 - FIXED-LENGTH DATA ELEMENTS--GENERAL INFORMATION | |
| fixed length control field | 180413b ||||| |||| 00| 0 eng d |
| 040 ## - CATALOGING SOURCE | |
| Transcribing agency | gbc |
| 082 ## - DEWEY DECIMAL CLASSIFICATION NUMBER | |
| Classification number | 230 |
| Item number | LAW |
| 100 ## - MAIN ENTRY--PERSONAL NAME | |
| Personal name | Law, William |
| 9 (RLIN) | 8613 |
| 245 ## - TITLE STATEMENT | |
| Title | The pocket William Law |
| Statement of responsibility, etc. | William Law; edited by Arthur W. Hopkinson ; with a foreword by the Archbishop of York. |
| 260 ## - PUBLICATION, DISTRIBUTION, ETC. | |
| Date of publication, distribution, etc. | 1950. |
| Place of publication, distribution, etc. | Philadelphia: |
| Name of publisher, distributor, etc. | Wesminster, |
| 300 ## - PHYSICAL DESCRIPTION | |
| Extent | 1 volume (160 pages) ; |
| Other physical details | 18 cm. |
| 505 ## - FORMATTED CONTENTS NOTE | |
| Formatted contents note | A practical treatise upon Christian perfection. --<br/>An appeal to all that doubt or disbelieve the Truths of the Gospel whether they be Deists, Arians, Socinians, or nominal Christians. In which the true grounds and reasons of the whole Christian faith and life are plainly and fully demonstrated. --<br/>The spirit of Prayer or the soul rising out of the vanity of time into the riches of Eternity |
| 650 ## - SUBJECT ADDED ENTRY--TOPICAL TERM | |
| Topical term or geographic name entry element | Theology -- Early works to 1800. |
| 9 (RLIN) | 10662 |
| 650 ## - SUBJECT ADDED ENTRY--TOPICAL TERM | |
| Topical term or geographic name entry element | Theology -- History -- 18th century. |
| 9 (RLIN) | 10663 |
| 942 ## - ADDED ENTRY ELEMENTS (KOHA) | |
| Source of classification or shelving scheme | Dewey Decimal Classification |
| Koha item type | Books |
| Koha issues (borrowed), all copies | 1 |
| Withdrawn status | Lost status | Source of classification or shelving scheme | Damaged status | Not for loan | Home library | Current Library | Shelving location | Date acquired | Total checkouts | Full call number | Barcode | Date last seen | Date last checked out | Copy number | Price effective from | Koha item type |
|---|---|---|---|---|---|---|---|---|---|---|---|---|---|---|---|---|
| Dewey Decimal Classification | GRACE BIBLE COLLEGE | GRACE BIBLE COLLEGE | Theology | 2018-04-13 | 1 | 230 LAW | 009208 | 2025-05-01 | 2018-08-01 | c.1 | 2018-04-13 | Books |